00797nam a22001817a 4500003000900000008004100009040007100050082003100121100002400152245009900176260005200275300006100327440007500388505009700463650001300560650001100573650003100584AR-CdUCM190329b ||||| |||| 00| 0 spa d aMUNICIPALIDAD PROVINCIAL DEL CUSCOcBIBLIOTECA MUNICIPAL DEL CUSCO 22ed.a985.22 /bB25 / 1957 aBarra, Felipe de la aMonografía histórica del Real Felípe del Callao y guía del Museo Histórico Militar / aCallao :bColegio Militar Leoncio Prado,c1957. a78 páginas ;bilustraciones, planos plegables,c21 cm. aPublicaciones del Centro de Estudios Histórico-Militares del Perú. aContenido: El Real Felípe del Callao -- El museo histórico - Militar -- Salas del museo. aHistoria aPerú aCastillo del Real Felípe